[Event "TUR Cup"]
[Site "Antalya"]
[Date "2020.02.02"]
[Round "11"]
[White "Kocakaplan, Emre"]
[Black "Korkmaz, Necmettin"]
[Result "0-1"]
[WhiteElo "1857"]
[BlackElo "2157"]
[PlyCount "73"]
[EventDate "2020.01.26"]
[EventType "swiss"]
[EventRounds "11"]
[EventCountry "TUR"]
[SourceTitle "CBM 194 Extra"]
[Source "ChessBase"]
[SourceDate "2020.03.31"]
[SourceVersion "1"]
[SourceVersionDate "2020.03.31"]
[SourceQuality "1"]

1. d4 d5 2. Nf3 Nf6 3. c4 c6 4. g3 g6 5. Bg2 Bg7 6. 0-0 0-0 7. Nbd2 a5 8. b3 a4 9. b4 Bf5 10. c5 Na6 11. a3 Nc7 12. Ne5 Nd7 13. f4 f6 14. Nxd7 Qxd7 15. Nf3 Be4 16. Bb2 Rfe8 17. Re1 Nb5 18. Nd2 Bxg2 19. Kxg2 e5 20. dxe5 fxe5 21. fxe5 Bxe5 22. Bxe5 Rxe5 23. e4 dxe4 24. Nxe4 Qe6 25. Ng5 Rxe1 26. Nxe6 Rxd1 27. Rxd1 Nxa3 28. Rd7 Nc2 29. Ng5 a3 30. Ne4 Ne3+ 31. Kf3 Nd5 32. Nd2 a2 33. Nb3 Ra3 34. Rxd5 Rxb3+ 35. Rd3 Rxd3+ 36. Kg4 a1Q 37. h4 0-1

[Event "TUR Cup"]
[Site "Antalya"]
[Date "2020.01.30"]
[Round "8"]
[White "Ozkan, Ervin"]
[Black "Kocakaplan, Emre"]
[Result "1-0"]
[WhiteElo "2185"]
[BlackElo "1857"]
[PlyCount "131"]
[EventDate "2020.01.26"]
[EventType "swiss"]
[EventRounds "11"]
[EventCountry "TUR"]
[SourceTitle "CBM 194 Extra"]
[Source "ChessBase"]
[SourceDate "2020.03.31"]
[SourceVersion "1"]
[SourceVersionDate "2020.03.31"]
[SourceQuality "1"]

1. d4 Nf6 2. Bf4 d5 3. e3 c5 4. c3 Nc6 5. Nd2 Bf5 6. Ngf3 Qb6 7. Qb3 c4 8. Qxb6 axb6 9. a3 h6 10. Be2 e6 11. 0-0 Be7 12. h3 b5 13. Rfe1 0-0 14. Rac1 Rfd8 15. Bd1 g5 16. Bh2 Bd6 17. Bxd6 Rxd6 18. Bc2 Kg7 19. e4 dxe4 20. Nxe4 Nxe4 21. Bxe4 Bxe4 22. Rxe4 Rd5 23. Rce1 Kf6 24. Nh2 Kg7 25. Nf1 Rad8 26. R4e2 R5d7 27. h4 Ne7 28. hxg5 hxg5 29. Nd2 Ng6 30. g3 Rd5 31. Nf1 R5d7 32. Ne3 Ne7 33. Kg2 Nc6 34. Rh1 Rh8 35. Rhe1 Rhd8 36. Rb1 Ra8 37. Ng4 Rd5 38. Rbe1 Rad8 39. Ne3 R5d7 40. Ng4 Rd5 41. Rh1 Rh8 42. Rxh8 Kxh8 43. Nf6 Rf5 44. Ne8 Nd8 45. Re5 Nc6 46. Rxf5 exf5 47. Nd6 Kg7 48. Nxf5+ Kf6 49. Nd6 Ke6 50. Nxb5 Na5 51. Kf3 f5 52. g4 fxg4+ 53. Kxg4 Kf6 54. Nd6 Kg6 55. Ne4 Nb3 56. Nxg5 Nc1 57. Ne6 Kf6 58. Nf4 b5 59. Nd5+ Kg6 60. Nc7 Nd3 61. f4 Nxb2 62. Nxb5 Na4 63. f5+ Kf6 64. Kf4 Nb2 65. Ke4 Nd1 66. a4 1-0

[Event "TUR-ch U13-U18"]
[Site "Antalya"]
[Date "2020.01.20"]
[Round "3"]
[White "Kocakaplan, Emre"]
[Black "Tarlabasi, Emirhan"]
[Result "0-1"]
[WhiteElo "1857"]
[BlackElo "2274"]
[PlyCount "92"]
[EventDate "2020.01.19"]
[EventType "swiss"]
[EventRounds "11"]
[EventCountry "TUR"]
[SourceTitle "CBM 195 Extra"]
[Source "ChessBase"]
[SourceDate "2020.05.31"]
[SourceVersion "1"]
[SourceVersionDate "2020.05.31"]
[SourceQuality "1"]

1. d4 d5 2. c4 e6 3. Nf3 Nf6 4. g3 Bb4+ 5. Bd2 Be7 6. Bg2 c6 7. 0-0 0-0 8. Qc2 b6 9. Bg5 Bb7 10. Nbd2 Nbd7 11. Rfd1 c5 12. dxc5 bxc5 13. e3 Qb6 14. Rab1 Rfd8 15. e4 h6 16. Bxf6 Nxf6 17. exd5 exd5 18. Re1 Bf8 19. cxd5 Nxd5 20. Nc4 Qf6 21. a3 Ne7 22. Qc3 Qxc3 23. bxc3 Bd5 24. Ne3 Be6 25. Rb7 Nd5 26. Nxd5 Bxd5 27. Rbb1 f6 28. Red1 Ba2 29. Rbc1 Rab8 30. Rxd8 Rxd8 31. Bf1 a5 32. Be2 g5 33. Rc2 Be6 34. Rb2 a4 35. Nd2 Kg7 36. Rb7+ Kg6 37. Rb2 h5 38. Bb5 c4 39. Bxa4 Bxa3 40. Ra2 Bc1 41. Nf3 Bf5 42. Nd4 Bd3 43. Bc6 g4 44. Kg2 Rb8 45. f3 Rb6 46. Bd5 Be3 0-1